| 000 | 01020nam a22002177a 4500 | ||
|---|---|---|---|
| 999 |
_c340 _d340 |
||
| 003 | OSt | ||
| 005 | 20220606094437.0 | ||
| 008 | 180320b xxu||||| |||| 00| 0 spa d | ||
| 040 | _cPJ | ||
| 100 |
_aZorraquín Becú, Ricardo _988 |
||
| 245 |
_aLa organización política argentina en el período hispánico / _cRicardo Zorraquín Becú. |
||
| 250 | _a4a. ed. | ||
| 260 |
_aBuenos Aires : _bPerrot, _bInstituto de Historia del Derecho Ricardo Levene, _c1981 |
||
| 300 |
_a408 p. _c23 cm. |
||
| 490 |
_aColección de Estudios para la Historia del Derecho Argentino _v6 |
||
| 500 | _aNotas y bibliografía al pie de página. | ||
| 505 | _aContenido: I. El sistema político indiano -- II. Época de la organización ( 1534-1593) -- Época de los gobernadores (1593- 1776) -- III. Época del virreinato (1776 - 1810) -- Los cabildos -- Apéndice: Cronología de los gobernadores Argentinos en el período hispánico. | ||
| 650 | 0 |
_9348 _aCIENCIAS POLITICAS |
|
| 650 | 0 |
_aHISTORIA CONSTITUCIONAL _9425 |
|
| 942 |
_2udc _cLIB |
||